000
00287nam a22001337a 4500
008
181017b xxu||||| |||| 00| 0 eng d
020
_a
9780060158842
041
_a
eng
080
_a
370
100
_a
47
101
_a
edu
245
_a
Writng To Learn
_c
William.Z
942
_2
udc
_c
BK
999
_c
49950
_d
49950